000 00377nam a2200145 i 4500
001 79436
003 ES-MaACL
007 t|
008 041021s1903 sp ||||1| spa d
100 1 _aHernández, Fortunato.
_962812
245 1 0 _aTransfiguración /
_cFortunato Hernández.
260 _aMadrid :
_bR. Fé,
_c1903.
300 _a178 p. ;
_c19 cm.
852 _aES-MaACL
_jG-7405
999 _c79436
_d79436